Discurso pronunciado por el C. Vicente Guerrero, en la solemne apertura de las sesiones estraordinarias del Congreso General, en el año de 1829

Detalles Bibliográficos
Autor principal: Guerrero, Vicente
Formato: Libro
Lenguaje:Spanish
Publicado: México : s.n., ymprenta del Aguila, 18--.
Materias:
Colección:Banco de datos
Acervo:Fondo Bibliográfico Antiguo Víctor Manuel Castillo de la Universidad de Ciencias y Artes de Chiapas
Descripción Física:[2] h. ; f°
Tema general:Historia civil
Notas:Texto a renglón seguido. Incluye capitular en grabado xilográfico. Características de pliego suelto
LEADER 00749nam a22001690004500
035 |a 415 
041 0 |a spa 
100 1 |a Guerrero, Vicente 
245 1 0 |a Discurso pronunciado por el C. Vicente Guerrero, en la solemne apertura de las sesiones estraordinarias del Congreso General, en el año de 1829 
260 |a México : s.n., ymprenta del Aguila, 18--. 
300 |a [2] h. ; f°  
500 |a Texto a renglón seguido. Incluye capitular en grabado xilográfico. Características de pliego suelto 
650 1 0 |a Historia civil 
949 |a UNICACH, Colección de Víctor Manuel Castillo: 02594-Q 
942 |c CHIACASTI 
943 |g Fondo Bibliográfico Antiguo Víctor Manuel Castillo de la Universidad de Ciencias y Artes de Chiapas 
999 |c 1098711  |d 1098711